000 00857nac a22002417a 4500
001 BR7906922
003 BR-BrBNA
005 20240105114530.0
008 230509b bl.|||m| |||| 00| 0 por d
040 _aBR-BrBNA
_bpor
_cBiblioteca Nacional de Agricultura
072 _aE30
090 _aE30 BR7906922
110 1 _aComissao Estadual de Planejamento Agricola, Cuiaba, MT (Brasil)
_92045
245 1 _aRelatorio de atividades 4. trimestre 1978 [Comissao Estadual de Planejamento Agricola; Mato Grosso; Brasil]
260 3 _aCuiaba, MT (Brasil):
_c1979.
300 _a54 p.
490 _aRelatorio Trimestral - Comissao Estadual de Planejamento Agricola (Brazil)
_v
_x
650 _aDESENVOLVIMENTO AGRICOLA
650 _aPLANEJAMENTO AGRICOLA
650 _aMATO GROSSO
909 _a202312
_bLúcia Elande
_c55
_dLúcia Elande
942 _2AGRIS
_n0
_cMS
999 _c269886
_d269886